Представление документа в формате MARC21

Поле Инд. ПП Название Значение
Тип записи a
Библиографический уровень b
001 Контрольный номер RU/IS/BASE/268740551
005 Дата корректировки 20240403142830.4
008 Кодируемые данные 20080707
040 b Код языка каталог. rus
e Правила каталог. PSBO
041 0_ a Код языка текста rus
084 a Индекс другой классификации/Индекс ББК 83.3(2=411.2)5-117
100 1_ a Автор Хлопьянов А. В.
245 10 a Заглавие Опыт лингвостилистического анализа атрибутивных словосочетаний в религиозно-философской лирике А. С. Пушкина
504 a Библиография Библиогр. - Примеч.: с. 92
600 14 a Персоналии Пушкин Александр Сергеевич
650 04 a Основная рубрика история литературы
a Основная рубрика литературоведение
a Основная рубрика поэтика
a Основная рубрика теория литературы
a Основная рубрика филологические науки
653 1_ a Ключевые слова XIX век
a Ключевые слова лингвистический анализ
a Ключевые слова лингвостилистический анализ
a Ключевые слова лирика
a Ключевые слова поэзия
a Ключевые слова религиозная поэзия
a Ключевые слова Россия
a Ключевые слова русская литература
a Ключевые слова словосочетания
a Ключевые слова словосочетания атрибутивные
a Ключевые слова стилистика
a Ключевые слова стилистика автора
a Ключевые слова стихотворения
a Ключевые слова философская поэзия
a Ключевые слова язык автора
773 08 t Заглавие источника Вестник Московского университета. Серия 9, Филология
d Дата издания источника 2007
g Прочая информация № 6. - С. 88 - 92
w Контрольный № источника RU/IS/BASE/261756589
901 t Тип документа b